Statistiques concernant Acteurs ayant interprété plusieurs personnages Marvel

Cliquez ici pour prendre le quiz!

Statistiques générales

  • Ce quiz a été pris 120 fois
  • Le résultat moyen est 4 sur 18

Statistiques - réponses

Un projet par personnageActeur, actrice% Correct
Les Quatre Fantastiques (2005) / Captain America : First AvengerChris Evans
94%
Avengers : Infinity War / Deadpool 2Josh Brolin
46%
Doctor StrangeBenedict Cumberbatch
43%
Les Quatre Fantastiques (2015) / Black PantherMichael B. Jordan
38%
Blade : Trinity / DeadpoolRyan Reynolds
37%
X-Men : Apocalypse / Moon KnightOscar Isaac
28%
Avengers : L'Ere d'Ultron / Kraven Le Chasseur (Prochainement)Aaron Taylor-Johnson
19%
Captain Marvel / Les EternelsGemma Chan
16%
Daredevil (2003) / Iron ManJon Favreau
13%
Luke Cage / Blade (Prochainement)Mahershala Ali
11%
Les Gardiens de la Galaxie Vol. 2 / Shang-Chi et la Légende des Dix AnneauxMichelle Yeoh
11%
X-Men : Days Of Future Past / Avengers : Infinity WarPeter Dinklage
8%
Ghost Rider 2 : L'Esprit de vengeance / ThorIdris Elba
6%
Luke Cage / Captain America : Civil WarAlfre Woodard
5%
Hulk (2003) / Spider-Man : HomecomingJennifer Connelly
5%
Captain America : First Avenger / Spider-Man : HomecomingKenneth Choi
4%
Blade : Trinity / Marvel : Les Agents du SHIELD / Les Eternels / M.O.D.O.KPatton Oswalt
3%
Punisher : Zone de guerre / ThorRay Stevenson
2%

Distribution des résultats

Percentile par nombre de réponses

% des personnes avec chaque résultat

Votre développement - résultats

Vous n’avez pas pris ce quiz